[Event "St Petersburg-ch U18"]
[Site "St Petersburg"]
[Date "2007.10.10"]
[Round "6"]
[White "Tsapko, Dmitry"]
[Black "Sichinava, Zviad"]
[Result "1/2-1/2"]
[WhiteElo "2073"]
[BlackElo "2166"]
[PlyCount "40"]
[EventDate "2007.10.05"]
[EventType "swiss"]
[EventRounds "9"]
[EventCountry "RUS"]
[SourceTitle "EXT 2009"]
[Source "ChessBase"]
[SourceDate "2008.11.26"]
[SourceVersion "1"]
[SourceVersionDate "2008.11.26"]
[SourceQuality "1"]

1. e4 c5 2. d3 g6 3. Nf3 Bg7 4. g3 Nc6 5. Bg2 e6 6. 0-0 Nge7 7. Re1 d6 8. Nbd2 0-0 9. Nf1 h6 10. h4 f5 11. exf5 gxf5 12. c3 e5 13. h5 Be6 14. Nh4 Qd7 15. f4 Rae8 16. Nh2 c4 17. g4 e4 18. dxc4 Bxc4 19. gxf5 Nxf5 20. Ng6 Rf7 1/2-1/2

[Event "Chigorin Memorial 13th"]
[Site "St Petersburg"]
[Date "2005.10.20"]
[Round "6"]
[White "Potyavin, Igor"]
[Black "Tsapko, Dmitry"]
[Result "1/2-1/2"]
[WhiteElo "2048"]
[BlackElo "2137"]
[PlyCount "61"]
[EventDate "2005.10.15"]
[EventType "swiss"]
[EventRounds "9"]
[EventCountry "RUS"]
[SourceTitle "CBM 108 Extra"]
[Source "ChessBase"]
[SourceDate "2005.11.04"]
[SourceVersion "1"]
[SourceVersionDate "2005.11.04"]
[SourceQuality "1"]

1. d4 d5 2. c4 e6 3. Nc3 c5 4. cxd5 exd5 5. Nf3 Nc6 6. g3 c4 7. Bg2 Nf6 8. 0-0 Bb4 9. Bg5 Be6 10. Ne5 Bxc3 11. Nxc6 bxc6 12. bxc3 0-0 13. Qa4 Bd7 14. Qa3 h6 15. Bf4 Re8 16. Rfe1 Bf5 17. f3 Qe7 18. Qxe7 Rxe7 19. e4 dxe4 20. Be5 exf3 21. Bxf3 Nd5 22. Bxd5 cxd5 23. Bd6 Re4 24. Rxe4 Bxe4 25. a4 a5 26. Ra2 Ra6 27. Bc7 Bf5 28. Rb2 Bd7 29. Rb8+ Kh7 30. Rd8 Be6 31. Rb8 1/2-1/2

[Event "Chigorin Memorial 13th"]
[Site "St Petersburg"]
[Date "2005.10.18"]
[Round "4"]
[White "Tsapko, Dmitry"]
[Black "Gaprindashvili, Nona1"]
[Result "1/2-1/2"]
[WhiteElo "2137"]
[BlackElo "2043"]
[PlyCount "129"]
[EventDate "2005.10.15"]
[EventType "swiss"]
[EventRounds "9"]
[EventCountry "RUS"]
[SourceTitle "CBM 108 Extra"]
[Source "ChessBase"]
[SourceDate "2005.11.04"]
[SourceVersion "1"]
[SourceVersionDate "2005.11.04"]
[SourceQuality "1"]

1. e4 e6 2. d4 d5 3. e5 c5 4. c3 Qb6 5. Nf3 Bd7 6. a3 Bb5 7. dxc5 Bxc5 8. Bxb5+ Qxb5 9. b4 Bf8 10. a4 Qc4 11. Bb2 Nd7 12. Nbd2 Qc7 13. Qe2 Rc8 14. 0-0 Nb6 15. Nd4 Nc4 16. Nxc4 Qxc4 17. Qd2 g6 18. Rfe1 Bh6 19. Qd1 a6 20. Nb3 Ne7 21. Nc5 b6 22. Nb3 Nc6 23. a5 b5 24. Nc5 Ra8 25. g3 Bg7 26. f4 h5 27. Kg2 Ra7 28. Re3 Ne7 29. Rd3 Nf5 30. Bc1 Bf8 31. Nb3 Qc8 32. Be3 Nxe3+ 33. Rxe3 Rc7 34. Qd3 Qb7 35. Nd4 Rc4 36. h3 Qa7 37. Rb1 Kd7 38. g4 hxg4 39. hxg4 Be7 40. f5 gxf5 41. gxf5 Qb8 42. fxe6+ fxe6 43. Rf1 Rh5 44. Nf3 Rg4+ 45. Kf2 Qf8 46. Ke1 Rf5 47. Nd2 Bg5 48. Rxf5 Qxf5 49. Qxf5 exf5 50. Rd3 Bxd2+ 51. Kxd2 Ke6 52. Rh3 Rg6 53. Rh8 Kxe5 54. Re8+ Re6 55. Rb8 f4 56. Rb6 Kf5 57. Kd3 f3 58. Rxe6 Kxe6 59. Ke3 Ke5 60. Kxf3 d4 61. c4 bxc4 62. b5 Kd6 63. b6 Kc6 64. Ke2 Kb7 65. Kd2 1/2-1/2

[Event "Chigorin Memorial 13th"]
[Site "St Petersburg"]
[Date "2005.10.16"]
[Round "2"]
[White "Tsapko, Dmitry"]
[Black "Shimanov, Aleksandr"]
[Result "0-1"]
[WhiteElo "2137"]
[BlackElo "2279"]
[PlyCount "132"]
[EventDate "2005.10.15"]
[EventType "swiss"]
[EventRounds "9"]
[EventCountry "RUS"]
[SourceTitle "CBM 108 Extra"]
[Source "ChessBase"]
[SourceDate "2005.11.04"]
[SourceVersion "1"]
[SourceVersionDate "2005.11.04"]
[SourceQuality "1"]

1. e4 c5 2. c3 Nf6 3. e5 Nd5 4. d4 cxd4 5. cxd4 Nc6 6. Bc4 Nb6 7. Bb3 d5 8. Nc3 Bf5 9. a3 e6 10. Nge2 Be7 11. Ba2 Rc8 12. 0-0 a6 13. Kh1 h5 14. f4 h4 15. Bb1 Bxb1 16. Rxb1 g6 17. Na4 Nxa4 18. Qxa4 Qd7 19. Qd1 Bd8 20. b4 Ne7 21. Rf3 Nf5 22. Rh3 Rc4 23. g4 Nh6 24. Ng1 Qc6 25. Bb2 Be7 26. Rd3 Kd7 27. h3 Rc8 28. Nf3 Rc2 29. Rd2 Rc4 30. Qb3 Qb5 31. Qe3 Rh8 32. Qe2 Qa4 33. Qd1 Qxd1+ 34. Rdxd1 Rhc8 35. Rbc1 Rc2 36. Rxc2 Rxc2 37. Rd2 Rxd2 38. Nxd2 Kc6 39. Kg2 Kb5 40. Nb3 b6 41. Kf3 Ka4 42. Nd2 a5 43. bxa5 bxa5 44. Ke3 Bxa3 45. Bc3 Bb4 46. Kd3 Kb5 47. Nf3 Bxc3 48. Kxc3 a4 49. Nxh4 a3 50. Kb3 a2 51. Kxa2 Kc4 52. g5 Ng8 53. f5 gxf5 54. Nf3 Kd3 55. h4 Ke4 56. Nd2+ Kf4 57. Kb3 Kg4 58. Kb4 Ne7 59. Kc5 f4 60. Kd6 Nf5+ 61. Kd7 Nxh4 62. Ke7 Kxg5 63. Kxf7 Kf5 64. Ke7 f3 65. Kd6 f2 66. Kd7 Nf3 0-1

[Event "Chigorin Memorial 13th"]
[Site "St Petersburg"]
[Date "2005.10.15"]
[Round "1"]
[White "Akimov, Ivan"]
[Black "Tsapko, Dmitry"]
[Result "1-0"]
[WhiteElo "2434"]
[BlackElo "2137"]
[PlyCount "69"]
[EventDate "2005.10.15"]
[EventType "swiss"]
[EventRounds "9"]
[EventCountry "RUS"]
[SourceTitle "CBM 108 Extra"]
[Source "ChessBase"]
[SourceDate "2005.11.04"]
[SourceVersion "1"]
[SourceVersionDate "2005.11.04"]
[SourceQuality "1"]

1. d4 d5 2. Nf3 e6 3. c4 c5 4. cxd5 Qxd5 5. Nc3 Qd8 6. e3 Nc6 7. Bd3 cxd4 8. exd4 Nf6 9. 0-0 g6 10. Bg5 Bg7 11. Bb5 Bd7 12. d5 exd5 13. Nxd5 Be6 14. Nf4 Qxd1 15. Rfxd1 Bd7 16. Rd6 Ke7 17. Rxf6 Bxf6 18. Nd5+ Kd6 19. Nxf6 Be6 20. a3 a6 21. Ne4+ Kc7 22. Bxc6 bxc6 23. Bf6 Rhe8 24. Be5+ Kb6 25. Nf6 Red8 26. Nxh7 Rd3 27. Bf6 Ra7 28. Nhg5 Rad7 29. h4 Rd1+ 30. Rxd1 Rxd1+ 31. Kh2 Bd5 32. Ne5 c5 33. Nexf7 Rd2 34. f3 Kb5 35. Nh8 1-0

[Event "St Petersburg White Nights op"]
[Site "St Petersburg"]
[Date "2005.06.23"]
[Round "6"]
[White "Tsapko, Dmitry"]
[Black "Kuzmin, Yuri"]
[Result "1/2-1/2"]
[WhiteElo "2136"]
[BlackElo "1964"]
[PlyCount "81"]
[EventDate "2005.06.18"]
[EventType "swiss"]
[EventRounds "9"]
[EventCountry "RUS"]
[SourceTitle "CBM 106 Extra"]
[Source "ChessBase"]
[SourceDate "2005.07.01"]
[SourceVersion "1"]
[SourceVersionDate "2005.07.01"]
[SourceQuality "1"]

1. e4 c5 2. Nf3 Nc6 3. d3 g6 4. g3 Bg7 5. Bg2 e6 6. c3 Nge7 7. 0-0 0-0 8. Na3 d5 9. exd5 Nxd5 10. Nc2 e5 11. Re1 Re8 12. Ng5 Nc7 13. Be3 Qe7 14. Na3 h6 15. Ne4 Ne6 16. Nc4 Rd8 17. f4 f5 18. Nf2 e4 19. Qc2 Qf7 20. b3 Qf6 21. Rac1 exd3 22. Nxd3 g5 23. Nxc5 Nxc5 24. Bxc5 gxf4 25. gxf4 b6 26. Be7 Nxe7 27. Bxa8 Ng6 28. Qf2 Ba6 29. Bf3 Nxf4 30. Qg3 Nd3 31. Red1 Nxc1 32. Rxc1 Bxc4 33. bxc4 Qg5 34. Bd5+ Kh7 35. Re1 Rd7 36. Qxg5 hxg5 37. Be6 Rd2 38. Bxf5+ Kg8 39. a4 Bxc3 40. Re8+ Kf7 41. Ra8 1/2-1/2

[Event "St Petersburg White Nights op"]
[Site "St Petersburg"]
[Date "2005.06.21"]
[Round "4"]
[White "Tsapko, Dmitry"]
[Black "Bragina, Anastasia"]
[Result "1-0"]
[WhiteElo "2136"]
[BlackElo "1961"]
[PlyCount "129"]
[EventDate "2005.06.18"]
[EventType "swiss"]
[EventRounds "9"]
[EventCountry "RUS"]
[SourceTitle "CBM 106 Extra"]
[Source "ChessBase"]
[SourceDate "2005.07.01"]
[SourceVersion "1"]
[SourceVersionDate "2005.07.01"]
[SourceQuality "1"]

1. e4 c5 2. Nf3 e6 3. d3 Nc6 4. g3 g6 5. Bg2 Bg7 6. 0-0 Nge7 7. c3 0-0 8. Na3 d5 9. exd5 exd5 10. Re1 Bf5 11. Bg5 Qd7 12. d4 c4 13. Ne5 Nxe5 14. dxe5 Rad8 15. Qd4 a6 16. Qh4 Rfe8 17. Rad1 Bd3 18. b3 b5 19. bxc4 bxc4 20. Bf1 Bxf1 21. Kxf1 Rc8 22. Kg1 Nf5 23. Qf4 Qa4 24. Nb1 Bxe5 25. Qd2 Rc5 26. Be3 Nxe3 27. Qxe3 Qa5 28. f4 d4 29. Qf2 d3 30. fxe5 Rcxe5 31. Rxe5 Qxe5 32. a4 Re6 33. Rf1 f6 34. Qf4 Qe2 35. Nd2 Kg7 36. Nxc4 g5 37. Qf2 Qe4 38. Nb2 Qd5 39. Qd4 Qxd4+ 40. cxd4 Rd6 41. Rd1 Rxd4 42. Rxd3 Rb4 43. Rd2 h5 44. Kf2 Kg6 45. Ke3 Kf5 46. Kd3 a5 47. Kc3 h4 48. Rd5+ Ke6 49. Rxa5 Rg4 50. Ra6+ Ke7 51. gxh4 Rxh4 52. Rb6 Rxh2 53. a5 Rh1 54. Rb4 Rc1+ 55. Kd2 Rc6 56. Rb6 Rc5 57. a6 Ra5 58. Nd3 f5 59. Nb4 Kd7 60. Rb7+ Kc8 61. Rg7 g4 62. a7 Ra3 63. Nc6 f4 64. Rg8+ Kb7 65. Rb8+ 1-0

[Event "St Petersburg White Nights op"]
[Site "St Petersburg"]
[Date "2005.06.18"]
[Round "1"]
[White "Smirnov, Artem"]
[Black "Tsapko, Dmitry"]
[Result "1-0"]
[WhiteElo "2413"]
[BlackElo "2136"]
[PlyCount "49"]
[EventDate "2005.06.18"]
[EventType "swiss"]
[EventRounds "9"]
[EventCountry "RUS"]
[SourceTitle "CBM 106 Extra"]
[Source "ChessBase"]
[SourceDate "2005.07.01"]
[SourceVersion "1"]
[SourceVersionDate "2005.07.01"]
[SourceQuality "1"]

1. d4 d5 2. c4 e6 3. Nc3 c5 4. e3 Nf6 5. Nf3 Nc6 6. a3 cxd4 7. exd4 Be7 8. c5 Ne4 9. Qc2 f5 10. Bb5 Bf6 11. 0-0 0-0 12. Ne2 g5 13. Bxc6 bxc6 14. Ne5 Bxe5 15. dxe5 Ba6 16. Rd1 Bxe2 17. Qxe2 Qe7 18. Be3 Nxc5 19. Rac1 Nd7 20. Rxc6 f4 21. Bd4 Rf5 22. Qa6 Nxe5 23. Rxe6 Qc7 24. Re1 Ng6 25. Rxg6+ 1-0

[Event "Chigorin Memorial 12th"]
[Site "St Petersburg"]
[Date "2004.10.23"]
[Round "8"]
[White "Yakovlev, Yuri S"]
[Black "Tsapko, Dmitry"]
[Result "1-0"]
[WhiteElo "2066"]
[BlackElo "2152"]
[PlyCount "91"]
[EventDate "2004.10.16"]
[EventType "swiss"]
[EventRounds "9"]
[EventCountry "RUS"]
[SourceTitle "EXT 2005"]
[Source "ChessBase"]
[SourceDate "2004.11.15"]
[SourceVersion "1"]
[SourceVersionDate "2004.11.15"]
[SourceQuality "1"]

1. e4 e5 2. Nf3 Nf6 3. d4 Nxe4 4. dxe5 d5 5. exd6 Nxd6 6. Bd3 Be7 7. Be3 Nc6 8. c3 Bg4 9. Nbd2 0-0 10. Qc2 g6 11. h3 Bf5 12. Bxf5 Nxf5 13. Bf4 Bf6 14. 0-0-0 Qc8 15. g4 Nfe7 16. Bh6 Re8 17. Ne4 Bh8 18. Neg5 Na5 19. Qa4 Nec6 20. Qf4 f6 21. b4 fxg5 22. Nxg5 Rf8 23. Bxf8 Qxf8 24. Qxf8+ Rxf8 25. bxa5 Bxc3 26. Ne4 Bxa5 27. g5 Rf4 28. f3 Rxf3 29. Rhf1 Rxf1 30. Rxf1 Bb6 31. Nf6+ Kg7 32. Nd5 Bd4 33. Nxc7 Be3+ 34. Kd1 Bxg5 35. Ne6+ Kh6 36. Nxg5 Kxg5 37. Rf7 h5 38. Rxb7 Kh4 39. Rc7 Ne5 40. Rxa7 Kxh3 41. Re7 Ng4 42. a4 Kg3 43. a5 h4 44. a6 h3 45. a7 h2 46. Rh7 1-0

[Event "Chigorin Memorial 12th"]
[Site "St Petersburg"]
[Date "2004.10.20"]
[Round "5"]
[White "Tsapko, Dmitry"]
[Black "Melnikov, Dmitry"]
[Result "0-1"]
[WhiteElo "2152"]
[BlackElo "2303"]
[PlyCount "108"]
[EventDate "2004.10.16"]
[EventType "swiss"]
[EventRounds "9"]
[EventCountry "RUS"]
[SourceTitle "EXT 2005"]
[Source "ChessBase"]
[SourceDate "2004.11.15"]
[SourceVersion "1"]
[SourceVersionDate "2004.11.15"]
[SourceQuality "1"]

1. e4 e5 2. Nf3 Nc6 3. Bb5 Bc5 4. d3 d6 5. c3 Nf6 6. 0-0 0-0 7. Bg5 h6 8. Bh4 Qe7 9. Re1 Nd8 10. d4 Bb6 11. Nbd2 a6 12. Bd3 Nc6 13. Nc4 Ba7 14. Ne3 g5 15. Nxg5 hxg5 16. Bxg5 exd4 17. Nd5 Nxd5 18. Bxe7 Ndxe7 19. Qh5 Ne5 20. Be2 d3 21. Bd1 N7g6 22. Qg5 f6 23. Qh6 Rf7 24. Bb3 Bxf2+ 25. Kf1 Bxe1 26. Kxe1 c6 27. Bxf7+ Kxf7 28. Qh7+ Ke8 29. Kd2 Be6 30. Qxb7 Rd8 31. Rf1 Rd7 32. Qxa6 Ke7 33. b3 d5 34. exd5 Bxd5 35. Rf2 Ng4 36. Qb6 Nxf2 37. Qxf2 Ne5 38. h3 Rd8 39. c4 Be6 40. Qc5+ Kf7 41. a4 Rg8 42. g4 Rh8 43. Qa7+ Kg6 44. Qe3 Rb8 45. Kc3 Rd8 46. Qd2 Nf3 47. Qd1 d2 48. a5 c5 49. a6 Bc8 50. a7 Bb7 51. b4 cxb4+ 52. Kxb4 Ng5 53. Kc3 Bf3 54. Qxd2 Ne4+ 0-1

[Event "RUS-ch U14"]
[Site "Dagomys"]
[Date "2004.04.??"]
[Round "7"]
[White "Seliverstov, Vladimir"]
[Black "Tsapko, Dmitry"]
[Result "1-0"]
[WhiteElo "2110"]
[BlackElo "2224"]
[PlyCount "53"]
[EventDate "2004.04.??"]
[EventType "swiss"]
[EventRounds "10"]
[EventCountry "RUS"]
[SourceTitle "EXT 2005"]
[Source "ChessBase"]
[SourceDate "2004.11.15"]
[SourceVersion "1"]
[SourceVersionDate "2004.11.15"]
[SourceQuality "1"]

1. d4 Nf6 2. c4 c5 3. d5 b5 4. cxb5 a6 5. Nc3 axb5 6. e4 b4 7. Nb5 d6 8. Bf4 Bd7 9. e5 dxe5 10. Bxe5 Bxb5 11. Bxb5+ Nfd7 12. Nf3 Qb6 13. Ba4 f6 14. Bxb8 Qxb8 15. Bxd7+ Kxd7 16. 0-0 Ra6 17. Qb3 Qb5 18. Rfe1 Rd6 19. Nd2 Ke8 20. Ne4 Rd8 21. Rac1 c4 22. Rxc4 Qxd5 23. Qxb4 e5 24. Qa4+ Qd7 25. Qb3 Qd3 26. Nc3 Qf5 27. Rc7 1-0

[Event "RUS-ch U14"]
[Site "Dagomys"]
[Date "2004.04.??"]
[Round "2"]
[White "Tsapko, Dmitry"]
[Black "Gutenev, Alexander"]
[Result "0-1"]
[WhiteElo "2224"]
[BlackElo "2074"]
[PlyCount "60"]
[EventDate "2004.04.??"]
[EventType "swiss"]
[EventRounds "10"]
[EventCountry "RUS"]
[SourceTitle "EXT 2005"]
[Source "ChessBase"]
[SourceDate "2004.11.15"]
[SourceVersion "1"]
[SourceVersionDate "2004.11.15"]
[SourceQuality "1"]

1. e4 c5 2. d3 g6 3. g3 Nc6 4. Bg2 Bg7 5. Nf3 d6 6. 0-0 e5 7. Bg5 Nge7 8. Nc3 h6 9. Bd2 0-0 10. Qc1 Kh7 11. Nh4 f5 12. exf5 Nxf5 13. Nxf5 Bxf5 14. Nd5 Qd7 15. h3 Bxh3 16. Kh2 Bxg2 17. Kxg2 Qf7 18. Nc3 Qf3+ 19. Kg1 Rf5 20. Qd1 Nd4 21. Be3 Qxd1 22. Raxd1 Nxc2 23. Nb5 Rf6 24. Rc1 Nb4 25. Nxd6 Nxd3 26. Ne4 Nxc1 27. Nxf6+ Bxf6 28. Rxc1 b6 29. b4 cxb4 30. Rc7+ Bg7 0-1

[Event "St Petersburg op"]
[Site "St Petersburg"]
[Date "2003.??.??"]
[Round "2"]
[White "Timchenko, Aleksandr"]
[Black "Tsapko, Dmitry"]
[Result "0-1"]
[WhiteElo "2066"]
[BlackElo "2276"]
[PlyCount "94"]
[EventDate "2003.??.??"]
[EventType "swiss"]
[EventRounds "9"]
[EventCountry "RUS"]
[SourceTitle "EXT 2005"]
[Source "ChessBase"]
[SourceDate "2004.11.15"]
[SourceVersion "1"]
[SourceVersionDate "2004.11.15"]
[SourceQuality "1"]

1. c4 Nf6 2. g3 e6 3. Bg2 c5 4. Nc3 Be7 5. e4 d6 6. Nge2 Nbd7 7. 0-0 0-0 8. f4 a6 9. d3 Rb8 10. a4 Ne8 11. Be3 Nc7 12. Qd2 Nf6 13. h3 d5 14. e5 Nfe8 15. cxd5 exd5 16. d4 c4 17. f5 b5 18. Rae1 b4 19. Nd1 f6 20. g4 g5 21. fxg6 hxg6 22. Nf4 Kh7 23. Qc2 Rg8 24. Bc1 f5 25. Nxg6 Kxg6 26. gxf5+ Kf7 27. f6 Nxf6 28. exf6 Bxf6 29. Rxf6+ Kxf6 30. Qh7 Bf5 31. Rf1 Rxg2+ 32. Kh1 Rg1+ 33. Kxg1 Qg8+ 34. Bg5+ Qxg5+ 35. Kh2 Rg8 36. Ne3 Qg3+ 37. Kh1 Qg1+ 38. Rxg1 Rxg1+ 39. Kxg1 Bxh7 40. Kf2 c3 41. bxc3 bxc3 42. Ke2 Be4 43. Ng4+ Kg5 44. Ne5 Ne6 45. Nc6 Nf4+ 46. Ke3 c2 47. Kd2 Nd3 0-1

[Event "St Petersburg op"]
[Site "St Petersburg"]
[Date "2003.??.??"]
[Round "5"]
[White "Tsapko, Dmitry"]
[Black "Yakovlev, Yuri S"]
[Result "0-1"]
[WhiteElo "2276"]
[BlackElo "2177"]
[PlyCount "32"]
[EventDate "2003.??.??"]
[EventType "swiss"]
[EventRounds "9"]
[EventCountry "RUS"]
[SourceTitle "EXT 2005"]
[Source "ChessBase"]
[SourceDate "2004.11.15"]
[SourceVersion "1"]
[SourceVersionDate "2004.11.15"]
[SourceQuality "1"]

1. Nf3 Nf6 2. c4 e6 3. b3 d5 4. Bb2 Be7 5. g3 0-0 6. Bg2 c5 7. d4 cxd4 8. Nxd4 e5 9. Nc2 d4 10. 0-0 Nc6 11. Kh1 Bf5 12. f4 Ng4 13. Bc1 d3 14. Ne1 Qd4 15. Nc3 Qxc3 16. Bd2 dxe2 0-1